000
00314nam a22001337a 4500
008
181023b xxu||||| |||| 00| 0 eng d
020
_a
2901405132373
041
_a
eng
080
_a
339.9
100
_a
59
101
_a
GLO
245
_a
The Globalization and Development Reader
_c
Roberts,J.T
942
_2
udc
_c
BK
999
_c
50599
_d
50599